000 00522nam a22002177a 4500
003 UA-OsUOA
001 56604
007 ta
008 20081104b un ||||| |||| 00| 0 ukr d
100 _aСкуба В.
090 _a908
_bСку
942 _cSA
040 _aUA-OsUOA
_bukr
_cUA-OsUOA
_dUA-OsUOA
245 _aОстрозька академія святкує 432-річчя
300 _aС.1
955 _a0
041 _aukr
080 _a908
773 0 _w56603
650 7 _a908 Краєзнавство
_2UDC
999 _c342691
_d342691